| 000 | 00642nam a2200193 a 4500 | ||
|---|---|---|---|
| 001 | 000015287 | ||
| 005 | 20240411074008.0 | ||
| 008 | 100204s2003 dr a 001 0 spa d | ||
| 040 |
_aDO-SdBNP _bspa _cBNPHU |
||
| 082 |
_aRD867.44 _bC352c |
||
| 100 | 1 |
_aCastillo Grullon, Tito _934571 |
|
| 245 | 1 | 0 |
_aChistes, cuentos, refranes y colmos para eliminar el stress / _cTito Castillo Grullón. |
| 260 |
_a[Santo Domingo] : _bGagrull, _c2003. |
||
| 300 |
_a154 p. : _bil. ; _c21 cm. |
||
| 650 | 4 |
_aHumorismo _97166 |
|
| 651 | 4 |
_aRepública Dominicana _xAnecdotas, Chistes, Satiras, Etc. _922185 |
|
| 650 | 0 |
_aCuentos dominicanos _9176 |
|
| 049 | _aBNPD | ||
| 999 |
_c14853 _d14853 |
||